[Event "Sampa Chess Open 2024"]
[Site "Sao Paulo"]
[Date "2024.01.29"]
[Round "1.45"]
[White "Nunes, Rafael Klanfer"]
[Black "Dos Santos, Felipe Zeuli Biller"]
[Result "0-1"]
[WhiteElo "1789"]
[BlackElo "1538"]
[PlyCount "86"]
[EventDate "2024.01.29"]
[EventRounds "9"]
[EventCountry "BRA"]

1. e4 c5 2. Nf3 g6 3. Bc4 Bg7 4. c3 Nc6 5. d3 ({RR} 5. d4 cxd4 6. cxd4 e6 7. d5
exd5 8. exd5 Qe7+ 9. Be2 Ne5 10. O-O d6 11. Bb5+ Bd7 12. Bxd7+ Qxd7 13. Nxe5
dxe5 14. Nc3 Ne7 15. Bg5 O-O 16. Bxe7 Qxe7 17. d6 Qd7 18. Qd5 Rac8 19. Rfd1 b6
{Shaposhnikov,E (2554)-Savchenko,B (2488) chessassistantclub.com INT 2004 1/
2-1/2 (92)}) ({RR} 5. d4 cxd4 6. cxd4 e6 7. d5 Na5 8. b3 Bxa1 9. O-O Nxc4 10.
bxc4 d6 11. Nbd2 Bg7 12. Nb3 Nf6 13. e5 dxe5 14. Nxe5 O-O 15. d6 Ne4 16. Bf4
Qxd6 17. Qxd6 Nxd6 18. Rd1 Bxe5 19. Bxe5 Nxc4 {David,S (1883)-Szurhaj,W (1684)
Europe-Echecs INT 2022 0-1}) 5... d6 6. O-O $146 ({RR} 6. h3 Nf6 7. Bg5 O-O 8.
Nbd2 Bd7 9. Bb3 b5 10. Bc2 b4 11. Nc4 bxc3 12. bxc3 h6 13. Bd2 Qc7 14. O-O Rab8
15. Qe2 Be6 16. Ne3 Nd7 17. Kh1 Nb6 18. Nh2 Rb7 19. f4 Bd7 20. f5 g5 {Hupkens,
M-Hincu,O (1518) Herceg Novi 2008 1-0 (31)}) ({RR} 6. Nbd2 Bg4 7. h3 Bd7 8. Nf1
Nf6 9. Ng3 O-O 10. O-O Qc7 11. Bd2 a6 12. Bb3 b5 13. a3 a5 14. Bc2 Be6 15. Qc1
Rfb8 16. Bh6 Qd7 17. Bxg7 Kxg7 18. Kh2 d5 19. e5 Ng8 20. Re1 b4 {Rekunova,
V-Bundina,E Serpukhov 2001 0-1 (76)}) ({RR} 6. h3 e6 7. Be3 Nge7 8. Qd2 d5 9.
exd5 exd5 10. Bb5 Qb6 11. Bxc6+ Qxc6 12. d4 b6 13. O-O Nf5 14. Re1 O-O 15. Bf4
Ba6 16. Na3 Rfe8 17. Nc2 Nd6 18. b3 Ne4 19. Qe3 cxd4 20. Ncxd4 Qxc3 {Yildiz,A 
(1419)-Toydemir,B (1534) Konya 2017 0-1 (45)}) 6... Bg4 7. Bxf7+ Kxf7 8. Ng5+
Ke8 9. Qxg4 e5 10. Ne6 Qd7 11. Nxg7+ Qxg7 12. Bg5 Qd7 13. Qh4 h6 14. Be3 Nge7
15. f4 Kd8 16. f5 gxf5 17. Rxf5 Kc7 18. Rf7 Rhg8 19. Nd2 Rg4 20. Qh5 Rag8 21.
g3 Qe8 22. Raf1 Nd8 23. Qf5 Nxf7 24. Qxf7 Qd7 25. Bxh6 R8g6 26. Rf6 Rxf6 27.
Qxf6 Rg6 28. Qf8 Ng8 29. Be3 Nf6 30. Nf3 Qe6 31. Nh4 Rg8 32. Qh6 Qf7 33. Nf5
Rg6 34. Qh3 Ng4 35. Bd2 Kb6 36. c4 a5 37. a3 Ka6 38. b4 axb4 39. axb4 cxb4 40.
Bxb4 b5 41. cxb5+ Kxb5 42. Nxd6+ Rxd6 43. Bxd6 Qf2+ 0-1

[Event "Sampa Chess Open 2024"]
[Site "Sao Paulo"]
[Date "2024.01.29"]
[Round "1.46"]
[White "Barberi, Catarina"]
[Black "Haraguchi, Melissa Mayumi Alve"]
[Result "1-0"]
[WhiteElo "1524"]
[BlackElo "1751"]
[PlyCount "91"]
[EventDate "2024.01.29"]
[EventRounds "9"]
[EventCountry "BRA"]

1. d4 e5 2. dxe5 Bc5 3. Nf3 d6 4. exd6 Ne7 5. Nc3 Bxd6 $146 ({RR} 5... cxd6 6.
Ne4 O-O 7. Nxc5 dxc5 8. Qxd8 Rxd8 9. g3 Nbc6 10. c3 Bf5 11. Bg2 Rac8 12. O-O b5
13. Be3 c4 14. Nd4 Nxd4 15. Bxd4 Nc6 16. e3 Nxd4 17. exd4 b4 18. Rfe1 bxc3 19.
bxc3 Kf8 20. Re5 {Ulko,J (2437)-Mogirzan,M (1813) chess.com INT 2021 1-0 (37)})
6. g3 a6 7. Bg2 Nbc6 8. a3 O-O 9. O-O Bg4 10. Re1 Ng6 11. Be3 Re8 12. Qd2 Qd7
13. Rad1 Rad8 14. Nd4 Na5 15. Qc1 b5 16. b4 Nc4 17. Bc6 Qc8 18. Bxe8 Rxe8 19.
Nf3 c6 20. Bd4 f6 21. Nd2 Nce5 22. Nce4 Bb8 23. Nc5 Bh3 24. Qb2 Re7 25. Rc1 Nh4
26. Qb3+ Kh8 27. Bxe5 Bxe5 28. Nf3 Ng6 29. Rcd1 Bc7 30. Qd3 Re8 31. Qb3 Nf8 32.
Nd4 Nd7 33. Nxd7 Qxd7 34. Nxb5 Qc8 35. Nxc7 Qxc7 36. Qd3 h6 37. Qxa6 Kh7 38.
Qd3+ f5 39. Ra1 Rd8 40. Qe3 Kg8 41. a4 Ra8 42. a5 Qb7 43. Qc3 Kh7 44. Rad1 c5
45. f3 cxb4 46. Rb1 1-0

[Event "Sampa Chess Open 2024"]
[Site "Sao Paulo"]
[Date "2024.01.29"]
[Round "1.50"]
[White "Blanco, Gustavo Jose Bachur"]
[Black "Desideri, Enzo Piuchi"]
[Result "1-0"]
[WhiteElo "1491"]
[BlackElo "1730"]
[PlyCount "58"]
[EventDate "2024.01.29"]
[EventRounds "9"]
[EventCountry "BRA"]

1. e4 c5 2. Nf3 e6 3. d4 cxd4 4. Nxd4 Nf6 5. Nc3 a6 6. Bd3 d6 7. O-O Be7 8. Be3
b5 9. f4 Bb7 10. e5 Nd5 11. Nxd5 Bxd5 12. Qg4 O-O $146 ({RR} 12... g6 13. Rad1
Nd7 14. Nf3 Bxf3 15. Qxf3 d5 16. Kh1 O-O 17. Qg4 b4 18. Rf3 Bc5 19. Bd2 Qe7 20.
Be1 Qd8 21. Bg3 Re8 22. Re1 Kh8 23. Ref1 Ra7 24. Be1 Be7 25. Rh3 Nf8 26. Bf2
Ra8 27. Bd4 {Rjabzev,K (2212)-Sapojnikov,E Togliatti 2001 1-0 (37)}) 13. Qh5 g6
14. Qh6 Re8 15. Qh3 dxe5 16. fxe5 Nc6 17. Nxc6 Bxc6 18. Rxf7 Bh4 19. Raf1 Qd5
20. Bg5 Qd4+ 21. Kh1 Rf8 22. Rxf8+ Rxf8 23. Rxf8+ Kxf8 24. Bxh4 Qxe5 25. Bf2
Qg5 26. Qg3 Qd5 27. Qf3+ Qxf3 28. gxf3 Bxf3+ 29. Kg1 Kf7 1-0

[Event "Sampa Chess Open 2024"]
[Site "Sao Paulo"]
[Date "2024.01.29"]
[Round "1.52"]
[White "Brujin, Homero"]
[Black "Akamine, Giullia Hikari Nish"]
[Result "1-0"]
[WhiteElo "1479"]
[BlackElo "1800"]
[PlyCount "123"]
[EventDate "2024.01.29"]
[EventRounds "9"]
[EventCountry "BRA"]

1. d4 d5 2. Nf3 Nf6 3. g3 e6 4. Bg2 Be7 5. O-O O-O 6. Nbd2 b6 7. b3 ({RR} 7. c4
Bb7 8. cxd5 exd5 9. b3 a5 10. Ne5 a4 11. bxa4 Qe8 12. Qc2 Nc6 13. Bb2 Bd6 14.
Rfc1 Nd8 15. a5 Rxa5 16. a4 Ra7 17. e3 Ne6 18. h4 Qa8 19. Ndf3 Re8 20. Bf1 c5
21. Bb5 Re7 {Ding Liren (2805)-Aronian,L (2752) Stavanger NOR 2019 1/2-1/2 (33)
}) ({RR} 7. c4) 7... c5 8. Bb2 $146 ({RR} 8. dxc5 bxc5 9. c4 Bb7 10. Bb2 Nbd7
11. e3 Qc7 12. cxd5 exd5 13. Rc1 Rac8 14. Qc2 Rfd8 15. Nd4 Bf8 16. N2f3 Qb6 17.
Ne2 {1/2-1/2 (17) Wozny,M (2075)-Kercsmarics,J Zalakaros 1997}) 8... Nc6 9. e3
Bb7 10. Rc1 Ne4 11. dxc5 bxc5 12. Nxe4 dxe4 13. Nd2 Nb8 14. Qg4 g6 15. Rfd1 Qc7
16. Qe2 Nd7 17. Nxe4 Rac8 18. Qb5 Bc6 19. Qd3 Rfd8 20. Qc3 e5 21. Nd2 Bf6 22.
e4 Bg5 23. Rb1 Re8 24. Nc4 Bf6 25. Nd6 Bg7 26. Nxe8 Rxe8 27. Qd3 Nf6 28. f3 Qc8
29. Qd6 Bd7 30. Ba3 c4 31. Qc5 Bc6 32. Qxc4 Qb7 33. Qd3 Qb6+ 34. Kh1 Bb5 35. c4
Ba6 36. Bb2 h5 37. Qd6 Qa5 38. a3 Kh7 39. b4 Qa4 40. b5 Bc8 41. Qb4 Qxb4 42.
axb4 Bf8 43. c5 Be6 44. Bc3 Rb8 45. Bf1 Ne8 46. Bxe5 Rc8 47. Ra1 Nc7 48. Rxa7
Bb3 49. Rd7 Ne8 50. b6 Be6 51. Rd2 Bh6 52. f4 g5 53. b7 gxf4 54. gxf4 Bg4 55.
bxc8=Q Bxc8 56. Rd8 Bg4 57. Rxe8 Bf3+ 58. Bg2 Bxg2+ 59. Kxg2 Bg7 60. Rxf7 Kh6
61. Rxg7 h4 62. Rh8# 1-0

[Event "Sampa Chess Open 2024"]
[Site "Sao Paulo"]
[Date "2024.01.29"]
[Round "1.53"]
[White "Navarro, Gustavo Kazuo Yura"]
[Black "Regiani, Rafael"]
[Result "0-1"]
[WhiteElo "1800"]
[BlackElo "1476"]
[PlyCount "52"]
[EventDate "2024.01.29"]
[EventRounds "9"]
[EventCountry "BRA"]

1. e4 e5 2. Nf3 Nc6 3. Bc4 Nf6 4. Ng5 d5 5. exd5 Nxd5 6. Nxf7 Kxf7 7. Qf3+ Qf6
8. Bxd5+ Be6 9. Bxc6 ({RR} 9. Bxe6+ Kxe6 10. Qb3+ Kd7 11. O-O Rb8 12. c3 Bd6
13. d3 h6 14. Nd2 Qe6 15. Qxe6+ Kxe6 16. Ne4 Be7 17. Be3 b6 18. f4 Kd7 19. fxe5
Nxe5 20. Bf4 {1-0 (20) Skripchenko,A (2461)-Colin,S (1957) Gonfreville 2006})
9... bxc6 10. Qxc6 Bd6 ({RR} 10... Rc8 11. Nc3 Bd6 12. d3 Rhe8 13. Be3 Kg8 14.
O-O Qg6 15. Bxa7 Bf5 16. Be3 e4 17. Qd5+ Kh8 18. Nxe4 Bxe4 19. dxe4 Re5 20. Qb7
Rf8 21. f4 Rc5 22. Bxc5 Bxc5+ 23. Kh1 h6 24. e5 Bb6 25. Rae1 {Ribeiro Carrico,
V (1791)-De Medeiros,F Cuiaba BRA 2021 1-0}) 11. Nc3 Rhe8 $146 ({RR} 11... Qg6
12. Qf3+ Ke7 13. d3 Rhf8 14. Qg3 Qf7 15. O-O Kd7 16. Ne4 h6 17. Be3 Rab8 18. b3
a6 19. Bc5 Rb5 20. Bxd6 cxd6 21. c4 Rbb8 22. d4 Bf5 23. Rae1 Qg6 24. Qxg6 Bxg6
25. dxe5 dxe5 26. Nc5+ {Vasic,D (1862)-Novakovic,A Senta 2012 1-0}) ({RR} 11...
Rac8 12. d3 Bb4 13. O-O Bxc3 14. bxc3 Rhf8 15. f4 Kg8 16. Ba3 Rfe8 17. Rae1
exf4 18. Re4 Qg6 19. Rfe1 f3 20. g3 Qf6 21. Kf2 Qh6 22. Kxf3 Bg4+ 23. Kxg4 Qxc6
24. Rxe8+ Rxe8 25. Rxe8+ Qxe8 26. Bc5 {Boyle,A (88)-Dharmasena,K Bournemouth
2016 0-1 (38)}) ({RR} 11... Rad8 12. d3 Rhf8 13. Ne4 Qe7 14. Bg5 Qe8 15. Nxd6+
cxd6 16. Qc7+ Rd7 17. Qc3 Kg8 18. O-O Qg6 19. Bh4 Rdf7 20. Bg3 h5 21. Qb4 Bd7
22. Qe4 Bf5 23. Qe3 Qf6 24. f4 h4 25. fxe5 dxe5 26. Bxe5 {Gazik,J (1461)
-Jedras,A (1263) Szczyrk 2014 0-1 (86)}) 12. Ne4 Qg6 13. Nxd6+ cxd6 14. Qf3+
Kg8 15. d3 Rf8 16. Qg3 Qh5 17. O-O Rf6 18. f4 Raf8 19. Qf3 Qf7 20. Bd2 Bd5 21.
Qe2 exf4 22. Rf2 f3 23. gxf3 Bxf3 24. Qe3 Re8 25. Qd4 Rg6+ 26. Kf1 Be2+ 0-1

[Event "Sampa Chess Open 2024"]
[Site "Sao Paulo"]
[Date "2024.01.29"]
[Round "1.54"]
[White "Usui, Gabriella Yumi"]
[Black "Akamine, Isabelle Namie Nish"]
[Result "1-0"]
[WhiteElo "1448"]
[BlackElo "1800"]
[PlyCount "41"]
[EventDate "2024.01.29"]
[EventRounds "9"]
[EventCountry "BRA"]

1. d4 d5 2. c4 e6 3. Nf3 Nf6 4. g3 b6 5. Bg2 Bb7 6. O-O Be7 7. Nc3 O-O 8. Nd2 (
{RR} 8. Bf4 Nbd7 9. Rc1 a6 10. Ne5 c5 11. dxc5 Nxc5 12. b4 Nce4 13. Nxe4 dxe4
14. Qb3 Nh5 15. Rfd1 Qc8 16. Nd7 Nxf4 17. gxf4 Qc7 18. Nxf8 Bxf8 19. e3 g5 20.
fxg5 Qe5 21. h4 Rc8 22. Qa4 b5 {Milchev,N (2351)-Cruz,F (2415) Torredembarra
2009 1-0 (40)}) 8... c5 9. dxc5 Bxc5 ({RR} 9... bxc5 10. Qb3 Qd7 11. Rd1 Bc6
12. cxd5 exd5 13. Nc4 Qe6 14. Na5 c4 15. Qc2 Rd8 16. Bg5 d4 17. Nxc6 Nxc6 18.
Ne4 Nb4 19. Qb1 Rac8 20. a3 Nc6 21. Nxf6+ Bxf6 22. Bxf6 Qxf6 23. Qe4 Ne5 24.
Rac1 {Escartin Lacasa,J (2253)-Romanov,K (2023) Tornelo INT 2021 0-1 (33)}) 10.
b3 $146 ({RR} 10. Nb3 Qc8 11. cxd5 Rd8 12. Nxc5 Qxc5 13. Bg5 Nbd7 14. Be3 Qb4
15. dxe6 Bxg2 16. exf7+ Kxf7 17. Kxg2 Nc5 18. Qc2 Rac8 19. Rad1 Ne6 20. Rxd8
Rxd8 21. h3 Rc8 22. Rd1 g6 23. Rd2 Qe7 24. Qb3 Kg7 {Fawole,J (2207)-Erhabor,D
Accra 2014 1-0 (31)}) 10... Bb4 11. Bb2 Bc6 12. e3 Nbd7 13. cxd5 Nxd5 14. Nxd5
Bxd5 15. Bxd5 exd5 16. Qg4 Nf6 17. Qxb4 Re8 18. Rfd1 Ne4 19. Qd4 Qg5 20. Nf3
Qg4 21. h3 1-0

[Event "Sampa Chess Open 2024"]
[Site "Sao Paulo"]
[Date "2024.01.29"]
[Round "1.62"]
[White "Simao, Davi Ribeiro"]
[Black "Goncalves, Ricardo Henrique Si"]
[Result "0-1"]
[WhiteElo "1320"]
[BlackElo "1800"]
[PlyCount "68"]
[EventDate "2024.01.29"]
[EventRounds "9"]
[EventCountry "BRA"]

1. e4 {Erenburg,S} d6 2. d4 Nf6 3. Nc3 g6 4. Be3 Bg7 ({RR} 4... c6) 5. Qd2 ({RR
} 5. f3) 5... O-O ({RR} 5... c6) ({RR} 5... Ng4) 6. O-O-O a5 ({RR} 6... c6 7.
Kb1 ({RR} 7. f3 b5 8. g4 Qa5 9. Kb1) 7... b5 8. f3 Nbd7 9. e5 ({RR} 9. h4 Nb6
10. Bh6 Be6 11. Bxg7 Kxg7 12. h5) 9... b4 ({RR} 9... Ne8 10. f4 b4 11. Ne4 d5
12. Ng3 Nb6 13. Qxb4 Rb8 14. Qa5 Bg4 15. Nf3) ({RR} 9... dxe5 10. dxe5 b4 11.
exf6 bxc3 12. Qxc3 Bxf6 13. Bd4 ({RR} 13. Qxc6 Rb8 14. c3 Qa5 15. Rd5 Qxc3 16.
Qxc3 Bxc3 17. Rb5 Be5) 13... Bxd4 14. Rxd4) 10. exf6 bxc3 11. Qxc3 ({RR} 11.
fxe7 Qxe7 12. Qxc3 Rb8) 11... Nxf6 12. Qxc6 Be6 13. Bc1 ({RR} 13. Bd2 Rb8)
13... Rb8 14. Nh3 ({RR} 14. Ne2 Qa5) ({RR} 14. Bd2 Nd5) 14... Bxa2+ 15. Kxa2
Qa5+ 16. Kb1 Nd5 17. Rd3 ({RR} 17. Bd2 Rxb2+) 17... Rfc8 ({RR} 17... Bxd4 18.
Be2 ({RR} 18. Rb3 Nb4 19. Rxb4 Qxb4 20. Qc4 Bxb2 21. Qxb4 Rxb4) 18... Nb4 19.
Qc4 d5 20. Qb3 Nxd3 21. Qxd3 Qb4 22. b3) ({RR} 17... Nb4 18. Qc4 Rfc8 19. Ra3 (
{RR} 19. Qb3 Nxc2 20. Qxc2 Rxc2 21. Kxc2 Qa4+) 19... Qf5 20. g4 Nxc2 21. Rd3
Na3+ 22. Ka2 Qd7 23. Rxa3 Rxc4 24. Bxc4 Qc6) 18. Bd2 ({RR} 18. Ra3 Rxb2+ ({RR} 
18... Qxa3 19. Qxd5 ({RR} 19. Qxc8+ Rxc8 20. bxa3 Rb8+) 19... Qc3 20. Bd3 Bxd4
21. Qa2) 19. Kxb2 ({RR} 19. Bxb2 Qe1+) 19... Rb8+ 20. Ka2 ({RR} 20. Rb3 Bxd4+)
20... Nb4+ 21. Ka1 Bxd4+ 22. c3 Nc2+ 23. Ka2 Nxa3) ({RR} 18. Qd7 Rc7 19. Qg4
Nc3+ 20. Rxc3 Qxc3) 18... Rxb2+ ({RR} 18... Nb4 19. Ra3) 19. Kxb2 Rb8+ 20. Rb3
Bxd4+ 21. c3 {Parligras,M (2549)-Jobava,B (2616) Antalya 2004 CBM 101 
[Erenburg,S] 0-1 (32)}) ({RR} 6... b6 7. h4 Bb7 8. f3 Nbd7 9. g4 c5 10. d5 c4
11. Bxc4 Rc8 12. Bb3 Nc5 13. h5 Nxb3+ 14. axb3 Qc7 15. Bh6 Nd7 16. Bxg7 Kxg7
17. hxg6 fxg6 18. Qh6+ Kf7 19. Qxh7+ Ke8 20. Qxg6+ Kd8 21. Nge2 {Sureau,C 
(1749)-Gourarier,E (1463) Europe-Echecs INT 2022 1-0 (35)}) 7. Be2 $146 ({RR} 
7. f3 Nc6 8. Bh6 e5 9. d5 Ne7 10. h4 Kh8 11. h5 Nxh5 12. g4 Nf6 13. Nh3 Neg8
14. Bxg7+ Kxg7 15. Be2 Qe7 16. Rh2 Bd7 17. Rdh1 h6 18. Nf2 h5 19. Rg1 Qd8 20.
gxh5 Nxh5 21. Rxh5 f5 {Haring,V (1964)-Spinler,D (1460) Slovakia 2012 1-0})
7... c6 8. Bh6 b5 9. Bxg7 Kxg7 10. e5 dxe5 11. dxe5 Qxd2+ 12. Rxd2 Ng4 13. Bxg4
Bxg4 14. f3 Bf5 15. Nge2 Nd7 16. Nd4 Nxe5 17. Nxf5+ gxf5 18. Re2 Ng6 19. h4 e6
20. g3 Rfd8 21. Rd1 Rxd1+ 22. Kxd1 Rd8+ 23. Kc1 h5 24. f4 Ne7 25. a3 Nd5 26.
Nxd5 cxd5 27. Re3 Kf6 28. Re5 Ke7 29. c3 Kd6 30. Kd2 f6 31. Re3 e5 32. fxe5+
fxe5 33. Kd3 Rg8 34. b3 f4 0-1

[Event "Sampa Chess Open 2024"]
[Site "Sao Paulo"]
[Date "2024.01.30"]
[Round "2.1"]
[White "Marra, Eduardo Da Costa"]
[Black "Fier, Alexandr"]
[Result "0-1"]
[WhiteElo "2189"]
[BlackElo "2549"]
[PlyCount "86"]
[EventDate "2024.01.29"]
[EventRounds "9"]
[EventCountry "BRA"]

1. e4 c6 2. d4 d5 3. e5 c5 4. c3 Nc6 5. Be2 Bf5 6. Nf3 e6 7. O-O Bg6 8. Be3 ({
RR} 8. a3 cxd4 9. cxd4 Nge7 10. b4 Nc8 11. Bg5 Be7 12. Bxe7 Qxe7 13. Nbd2 Nb6
14. Rc1 O-O 15. Qb3 a5 16. bxa5 Nc4 17. Nxc4 dxc4 18. Qxc4 Rxa5 19. a4 {
1/2-1/2 (19) Dominguez Perez,L (2739)-Mamedyarov,S (2768) Doha 2016}) 8... Nh6
$146 ({RR} 8... Qb6 9. b3 cxd4 10. cxd4 Nge7 11. Nc3 Nf5 12. Na4 Qd8 13. Bf4
Ba3 14. g4 Nh4 15. Nxh4 Qxh4 16. Bg3 Qe7 17. h4 h5 18. gxh5 Bf5 19. Qd2 g6 20.
h6 Qb4 21. Qxb4 Nxb4 22. Bb5+ Kf8 23. Bf4 {Herrera,I (2467)-Megias Chafer,A 
(2067) Albacete 2000 1/2-1/2 (42)}) ({RR} 8... cxd4 9. cxd4 Nge7 10. Bg5 h6 11.
Bh4 Qd7 12. Bxe7 Bxe7 13. Nc3 O-O 14. Rc1 Rfc8 15. Qd2 Na5 16. Bd3 Nc4 17. Bxc4
Rxc4 18. b3 Rc6 19. Ne2 Ba3 20. Rxc6 Qxc6 21. Nf4 Bh7 22. Qa5 Be7 23. h3 {
Zanette,E (2157)-Sydoryka,V (2307) chess.com INT 2021 0-1 (68)}) ({RR} 8... Qb6
9. Qd2 cxd4 10. cxd4 Bb4 11. Nc3 Nge7 12. Rac1 O-O 13. a3 Bxc3 14. Rxc3 Nf5 15.
b4 Bh5 16. Rc5 Bxf3 17. Bxf3 a5 18. b5 Nxe5 19. dxe5 d4 20. Bxd4 Rad8 21. Qc3
Nxd4 22. Rc1 a4 23. Bd1 {Sanz,C-Glavina,P (2405) Oviedo 1992 0-1}) ({RR} 8...
cxd4 9. cxd4 Qb6 10. Qd2 Nge7 11. Nc3 Nf5 12. Rac1 Be7 13. Na4 Qd8 14. Bb5 Rc8
15. Nc5 Qb6 16. Bxc6+ Rxc6 17. b4 Nxe3 18. fxe3 Qc7 19. a4 Qb6 20. a5 Qb5 21.
Rf2 b6 22. axb6 axb6 23. Nb7 {Ghersinich,E (1641)-Acimovic,V Maribor 2012 0-1 
(48)}) 9. dxc5 Nf5 10. Bd4 Be7 11. Na3 O-O 12. Nb5 Nfxd4 13. cxd4 b6 14. Rc1
bxc5 15. dxc5 Qb8 16. Nbd4 Rc8 17. Qa4 Nxe5 18. Nxe5 Qxe5 19. Nc6 Qc7 20. Nxe7+
Qxe7 21. c6 a5 22. a3 Qd6 23. Rfd1 h6 24. Rd2 Qd8 25. Qd4 Qd6 26. Qa4 f6 27. h3
Kf8 28. Bd3 Bxd3 29. Rxd3 e5 30. Qe4 dxe4 31. Rxd6 Ra6 32. g4 Rc7 33. Rc4 Ke7
34. Rd7+ Rxd7 35. cxd7 Rb6 36. b4 axb4 37. Rxb4 Rxb4 38. d8=Q+ Kxd8 39. axb4 g6
40. Kf1 Kc7 41. Ke2 Kc6 42. Kd2 Kb5 43. h4 h5 0-1

[Event "Sampa Chess Open 2024"]
[Site "Sao Paulo"]
[Date "2024.01.30"]
[Round "2.2"]
[White "Di Berardino, Diego Rafael"]
[Black "Batista, Renato Luiz"]
[Result "1-0"]
[WhiteElo "2480"]
[BlackElo "2174"]
[PlyCount "45"]
[EventDate "2024.01.29"]
[EventRounds "9"]
[EventCountry "BRA"]

1. d4 {Huzman,A} d5 2. c4 dxc4 3. Nf3 Nf6 4. e3 e6 5. Bxc4 c5 6. O-O a6 7. Bb3
b5 8. a4 b4 9. Nbd2 Be7 10. e4 Bb7 11. e5 Nfd7 12. Nc4 O-O 13. Bc2 cxd4 14.
Qxd4 g6 $146 ({RR} 14... Bd5 15. b3 Nc6 16. Qd3 g6 17. Bb2 Nc5 18. Qe2 Bxc4 19.
Qxc4 Na5 20. Qg4 Ncxb3 21. Rad1 Qc7 22. Be4 Rad8 23. h4 Rxd1 24. Rxd1 Rd8 25.
Rxd8+ Qxd8 26. h5 Kg7 27. Bc2 Qc8 28. Ne1 Nc4 29. Bxb3 {Obodchuk,A (2410)
-Shipov,S (2591) Moscow 2007 0-1 (51)}) ({RR} 14... Bd5 15. b3 Nc6 16. Qd3 g6
17. Bb2 Nc5 18. Qe2 Bxc4 19. bxc4 b3 20. Be4 Qc7 21. Bxc6 Qxc6 22. Nd4 Qe4 23.
Rfe1 Qxe2 24. Rxe2 Rfc8 25. Ba3 Rab8 26. g3 Nxa4 27. Nxb3 Bxa3 28. Rxa3 Rxc4
29. Kg2 {Zhao,X (2467)-Koneru,H (2545) Doha 2006 0-1 (56)}) ({RR} 14... b3 15.
Bxb3 Bxf3 16. gxf3 Nc6 17. Qe3 Qc7 18. f4 Nc5 19. Bd1 Rfd8 ({RR} 19... Rad8 20.
Ra3 Nd4 ({RR} 20... Nb4) ({RR} 20... f5 21. exf6 Rxf6) 21. Nd6 Nf5 22. Nxf5
exf5 23. Rc3) 20. Ra3 Nb4 ({RR} 20... Rab8 21. Rc3 Nd4 22. Nd6 Bxd6 23. Qxd4
Bf8 24. Qe3) 21. Bd2 ({RR} 21. Rc3 Nd5) 21... Rab8 ({RR} 21... Ncd3 22. Bxb4
Nxb4 23. Qe4 Qc6 24. Qxc6 Nxc6 25. Rc3 Rab8) 22. Qe2 Qc6 ({RR} 22... Ncd3 23.
Rc3 Qd7 24. Be3) 23. Rh3 g6 ({RR} 23... Nxa4 24. f5 exf5 25. e6 fxe6 ({RR} 
25... Bf6 26. exf7+ Kxf7 27. Bf4) 26. Bxa4 Qxa4 27. Qxe6+ Kf8 28. Rxh7) ({RR} 
23... Qe4 24. Qxe4 Nxe4 25. Be3 Nd5 26. Bc2 f5 27. exf6 Nexf6 28. f5) 24. b3 ({
RR} 24. a5 Qb5 ({RR} 24... Qe4 25. Qxe4 Nxe4 26. Be3 Nd5 27. Be2 f5) 25. b3 Nc6
) 24... Qe4 25. Qxe4 ({RR} 25. Be3 Nd5) 25... Nxe4 26. Be3 Nd5 27. Bc1 ({RR} 
27. Bc2 Nec3 28. Kg2 ({RR} 28. Re1 Nb4 29. Bb1 Nbd5) 28... Nb4 29. Bb1 ({RR} 
29. Bb6 Ncd5 30. Bxd8 Rxd8) 29... Nbd5) 27... Nec3 28. Kh1 Na2 ({RR} 28... f5
29. exf6 Bxf6) 29. Bd2 {Riazantsev,A (2608)-Rublevsky,S (2645) Sochi 2005 CBM
107 [Huzman,A] 1/2-1/2 (67)}) 15. Qg4 Bd5 16. Bh6 Re8 17. Ne3 Bb7 18. Rac1 Nc5
19. Ng5 Nbd7 20. Qf4 Nxe5 21. Qxe5 f6 22. Qg3 fxg5 23. Qe5 1-0

[Event "Sampa Chess Open 2024"]
[Site "Sao Paulo"]
[Date "2024.01.30"]
[Round "2.3"]
[White "Fernandes De Sousa, Julio Cesar"]
[Black "Santiago, Yago De Moura"]
[Result "0-1"]
[WhiteElo "2162"]
[BlackElo "2467"]
[PlyCount "144"]
[EventDate "2024.01.29"]
[EventRounds "9"]
[EventCountry "BRA"]

1. e4 c6 2. Nc3 d5 3. Nf3 Bg4 4. h3 Bh5 5. exd5 cxd5 6. Bb5+ Nc6 7. g4 Bg6 8.
Ne5 Rc8 9. d4 e6 10. h4 f6 11. Nxg6 hxg6 12. Kf1 ({RR} 12. Bd3 f5 13. Ne2 Rxh4
14. Rg1 Nf6 15. Bg5 Qa5+ 16. Bd2 Qc7 17. gxf5 gxf5 18. c3 Ne4 19. Bxe4 Rxe4 20.
f3 Rh4 21. Bg5 Rh2 22. Qd2 Bd6 23. Qe3 Kf7 24. O-O-O Qb6 25. Rd2 e5 26. Qd3 e4
{Kupreichik,V (2575)-Christiansen,L (2515) Hastings 1981 1-0 (34)}) 12... g5
$146 ({RR} 12... Bd6 13. Kg2 Nge7 14. Ne2 Qc7 15. c3 Kf7 16. f4 f5 17. g5 Rh7
18. Kg3 a6 19. Bd3 Na5 20. Ng1 Nc4 21. Nf3 b5 22. b3 Nb6 23. Bd2 Rhh8 24. Qe2
Rb8 25. Rh2 Nc6 26. Rah1 Rh5 27. Ne5+ {Skrzypnik,M (2151)-Lopusiewicz,P (2154)
Straszecin 1999 1/2-1/2 (50)}) ({RR} 12... Kf7 13. Kg2 Qb6 14. Be3 Bb4 15. Bd3
Bxc3 16. bxc3 Na5 17. Rb1 Qc6 18. Qe2 Ne7 19. Bf4 Nc4 20. f3 a6 21. a4 Rce8 22.
Rb4 Na5 23. Rhb1 Rxh4 24. Rb6 Qc8 25. Rd6 Rd8 26. Rbb6 Rxd6 27. Rxd6 {
Ketzetzis,G (2326)-Malikentzos,S (2417) Porto Rio 2015 0-1 (38)}) ({RR} 12...
a6 13. Ba4 g5 14. h5 Nh6 15. Rg1 Bd6 16. Ne2 O-O 17. c3 Bb8 18. Bc2 e5 19. dxe5
fxe5 20. Be3 Qd7 21. Nc1 Ba7 22. Bxa7 Nxa7 23. Nd3 Nc6 24. Nc5 Qf7 25. Qd2 Na5
26. Bg6 Qf3 27. Ne6 {Kupreichik,V (2480)-Vyzmanavin,A (2480) Minsk (Belarus)
1983 1-0 (34)}) ({RR} 12... Bd6 13. Ne2 Kf7 14. c3 Nge7 15. Kg2 Qc7 16. f3 a6
17. Bd3 Na5 18. b3 b5 19. a3 Rb8 20. Be3 Nac6 21. b4 a5 22. Qb1 Na7 23. Rh3
Nac8 24. Qc2 axb4 25. axb4 Nb6 26. Rah1 Nc4 27. Bc1 {Rantanen,Y (2410)
-Hakulinen,E (2310) Helsinki 1992 1/2-1/2 (58)}) 13. h5 Bd6 14. Kg2 a6 15.
Bxc6+ Rxc6 16. Qd3 Nh6 17. Qg6+ Kf8 18. f3 Nf5 19. h6 Nxh6 20. Ne2 Qe8 21. Qd3
Ke7 22. Be3 Kd7 23. Rh3 f5 24. Rah1 fxg4 25. fxg4 Rf8 26. Bxg5 Nxg4 27. Rf3
Rxf3 28. Qxf3 Nf6 29. Bxf6 Qg6+ 30. Kf2 Qxf6 31. Qxf6 gxf6 32. Rh7+ Be7 33. c3
e5 34. dxe5 fxe5 35. Ke3 Rg6 36. Nc1 Rh6 37. Rg7 Rh3+ 38. Kd2 Rh2+ 39. Ne2 Ke6
40. Rg6+ Bf6 41. Rg3 e4 42. Rg8 Kf5 43. Kd1 Rh8 44. Rg2 Be5 45. Rf2+ Ke6 46.
Rg2 b5 47. a3 a5 48. Rg6+ Bf6 49. Rg2 Rh1+ 50. Kc2 Rf1 51. Ng3 Rf3 52. Ne2 Kf7
53. Ng1 Re3 54. Ne2 Be5 55. Kd2 Rd3+ 56. Kc2 b4 57. axb4 axb4 58. Rg5 Kf6 59.
Rg8 Rh3 60. Rf8+ Ke7 61. Rg8 Rh2 62. Kd1 b3 63. Rg1 Kd6 64. Rg6+ Kc5 65. Rg5
Bd6 66. Rg8 Rh1+ 67. Kd2 Rb1 68. Nd4 Bf4+ 69. Ke2 Rxb2+ 70. Kf1 Kc4 71. Rc8+
Kd3 72. Rf8 Be3 0-1

[Event "Sampa Chess Open 2024"]
[Site "Sao Paulo"]
[Date "2024.01.30"]
[Round "2.4"]
[White "Shumyatsky, Victor"]
[Black "Awoki, Daniel Teidi"]
[Result "1-0"]
[WhiteElo "2457"]
[BlackElo "2152"]
[PlyCount "71"]
[EventDate "2024.01.29"]
[EventRounds "9"]
[EventCountry "BRA"]

1. e4 c5 2. Nc3 Nc6 3. Bb5 Nd4 4. Nf3 Nxb5 5. Nxb5 a6 6. Nc3 d6 7. d4 cxd4 8.
Qxd4 e5 9. Qd3 h6 10. Nd2 Be6 11. Nf1 Nf6 12. Ne3 Rc8 13. O-O Be7 14. Bd2 $146
({RR} 14. b3 O-O 15. Bb2 Qa5 16. a4 Rfe8 17. h3 Rcd8 18. Rad1 Qc7 19. Qe2 Rc8
20. Rd2 Qc5 21. Rc1 Qb4 22. Ned5 Nxd5 23. Nxd5 Bxd5 24. Rxd5 Rc5 25. Rxc5 dxc5
26. Rd1 c4 27. Qf3 cxb3 28. cxb3 Bc5 {Dzhumaev,M (2554)-Praneeth,S (2258) New
Delhi 2013 1-0 (50)}) ({RR} 14. a4 O-O 15. Rd1 Qc7 16. Bd2 Qc6 17. Be1 Rfd8 18.
f3 Rd7 19. Bf2 Bc4 20. Nxc4 Qxc4 21. Qxc4 Rxc4 22. a5 Bd8 23. Kf1 Kf8 24. Ke2
Ke7 25. Rd2 Ke6 26. Ra3 Rc8 27. g4 d5 28. exd5+ Nxd5 {Loukopoulos,P (1942)
-Papakonstantinou,D (2028) Rio (Achaia) GRE 2018 1/2-1/2 (31)}) ({RR} 14. Ncd5
Nxd5 15. Nxd5 Bxd5 16. Qxd5 Qc7 17. c3 Qc6 18. Qd3 O-O 19. Re1 Qc4 20. Qf3 Qe6
21. Be3 Rc7 22. Red1 f5 23. exf5 Rxf5 24. Qd5 Kf7 25. Rd2 Qxd5 26. Rxd5 Ke6 27.
Rad1 Rc6 28. a4 Rc4 {Petraki,M (2105)-Papadopoulou,V (2145) Athens 2002 1/2-1/
2 (39)}) 14... O-O 15. b3 Qc7 16. Rfd1 Rfd8 17. a4 Qc6 18. Ncd5 Bxd5 19. exd5
Qd7 20. c4 Nh7 21. Nf5 Ng5 22. h4 Nh7 23. Bxh6 gxh6 24. Qg3+ Bg5 25. Nxh6+ Kg7
26. hxg5 f6 27. gxf6+ Kxh6 28. Rd3 Ng5 29. f4 exf4 30. Qxf4 Kg6 31. Rf1 Re8 32.
f7 Re5 33. f8=N+ Rxf8 34. Qxf8 Qe7 35. Qxe7 Rxe7 36. Rg3 1-0